000 00520nam a2200217Ia 4500
005 20250425162047.0
008 250425s9999 xx 000 0 und d
020 _a9686064488
041 _aspa
082 _a621.4021
100 _aREYNOLDS, WILLIAM C.
245 0 _aINGENIERIA TERMODINAMICA
250 _a1A ED.
260 _aEstados Unidos
_bMCGH
_c1980
260 _aS.L.
300 _a714
650 _aTERMODINAMICA
650 _aTERMODINAMICA-PROBLEMAS Y EJERCICIOS
942 _c01
010 _a45141
999 _c221557
_d221557